Thinking Arabic translation (Record no. 969427)
[ view plain ]
| 000 -LEADER | |
|---|---|
| fixed length control field | 00981nam a2200289Ia 4500 |
| 003 - CONTROL NUMBER IDENTIFIER | |
| control field | OSt |
| 005 - DATE AND TIME OF LATEST TRANSACTION | |
| control field | 20221005062257.0 |
| 008 - FIXED-LENGTH DATA ELEMENTS--GENERAL INFORMATION | |
| fixed length control field | 221004b |||||||| |||| 00| 0 eng d |
| 020 ## - INTERNATIONAL STANDARD BOOK NUMBER | |
| International Standard Book Number | 9780415725639 (pbk) |
| 037 ## - SOURCE OF ACQUISITION | |
| Terms of availability | Textual |
| 040 ## - CATALOGING SOURCE | |
| Original cataloging agency | CRL |
| Transcribing agency | CRL |
| Language of cataloging | eng |
| 041 ## - LANGUAGE CODE | |
| Source of code | eng |
| Language code of text/sound track or separate title | eng |
| 100 ## - MAIN ENTRY--PERSONAL NAME | |
| Personal name | Dickins James Au. |
| 9 (RLIN) | 601616 |
| 245 #0 - TITLE STATEMENT | |
| Title | Thinking Arabic translation |
| Remainder of title | cousre in translation method |
| 260 ## - PUBLICATION, DISTRIBUTION, ETC. | |
| Place of publication, distribution, etc. | London |
| Name of publisher, distributor, etc. | Routledge UK |
| Date of publication, distribution, etc. | 2017 |
| 300 ## - PHYSICAL DESCRIPTION | |
| Extent | xvii,313p. |
| Dimensions | cm. |
| 650 ## - SUBJECT ADDED ENTRY--TOPICAL TERM | |
| Topical term or geographic name entry element | ARABIC LANGUAGE |
| 9 (RLIN) | 31794 |
| 650 ## - SUBJECT ADDED ENTRY--TOPICAL TERM | |
| Topical term or geographic name entry element | TRANSLATING AND INTERPRETING |
| 700 ## - ADDED ENTRY--PERSONAL NAME | |
| Personal name | Hervey Sandor Au. |
| 9 (RLIN) | 601617 |
| 700 ## - ADDED ENTRY--PERSONAL NAME | |
| Personal name | Higgins Ian Au. |
| 9 (RLIN) | 601618 |
| 942 ## - ADDED ENTRY ELEMENTS (KOHA) | |
| Classification part | P28:795, Q7 |
| Koha item type | Textual |
| Source of classification or shelving scheme | |
| Withdrawn status | Lost status | Damaged status | Not for loan | Home library | Current library | Date acquired | Source of acquisition | Total Checkouts | Full call number | Barcode | Date last seen | Price effective from | Koha item type |
|---|---|---|---|---|---|---|---|---|---|---|---|---|---|
| Central Library | Central Library | 2022-10-05 | 964/16-17, 07/03/2017, Capital Books Pvt. Ltd. | P28:795 Q7 | CL1640043 | 2022-10-05 | 2022-10-05 | Textual |
